| 000 | 00528nam a22001937a 4500 | ||
|---|---|---|---|
| 003 | CEME | ||
| 005 | 20210628205700.0 | ||
| 008 | 210127b xxu||||| |||| 00| 0 eng d | ||
| 020 | _a1-85312-831-7 | ||
| 040 | _c. | ||
| 082 | _a629.13 NEB | ||
| 100 |
_aNebylov,A.V _976633 |
||
| 245 | _aEkranoplanes ; controlled flight close to the sea | ||
| 260 |
_aBOSTON _bWIT PRESS _c2002 |
||
| 300 | _aXI,221P | ||
| 650 |
_aCONTROLLED FLIGHT CLOSE TO THE SEA.FLIGHT SENSORS _976634 |
||
| 700 |
_aWilson, P.A _976635 |
||
| 942 |
_cBK _2ddc |
||
| 999 |
_c581980 _d581980 |
||